00866nam a22002177a 450000500170000001000260001702000260004303500140006903500140008303700130009708200080011024500720011826000310019027000550022130000210027670000400029794200220033799900190035995201180037895201520049620241011144220.0 aENG-134678 ENG-142151 a9789357943291c795.00 aEN-118210 aEN-125683 bDBAD/PUB a921 aThe story of my experiment with truth/cTranslated by mahadev desai aNew delhi bV&S publishers af-2/16, ansari road, dariyaganjbNew delhie110002 a503p.c22cm(pbk) atranslated by mahadev desai958900 2ddccENh921mSTO c191651d191651 001040708NFICaBNbBNd2023-08-21eDBAD/PUBg495.00l0o921 STOpEN-118210r2022-08-31 00:00:00t1v495.00yEN 001040718NFICaMPbMPd2024-10-11eDelivery of Books Act Divisiong795.00l0o921 STOpEN-125683r2024-10-11 00:00:00t1v795.00w2024-10-11yEN